000 00483nam a2200181Ia 4500
001 2309
005 20260306144757.0
008 260306t2016||||xx |||||||||||||| ||spa||
041 _aESP
082 _a616.858
_bR75
100 _aRodríguez Cahill, Cristina
_eAUT
245 0 _aLos desafíos de los trastornos de la personalidad:
_bla salud mental al límite
260 _c2016
300 _a583 páginas :
_c21 cm.
650 _aGEN
654 _aCPS
942 _cLIB
_dJUS
_fJUS
_2ddc
_n
999 _c2309
_d2309